Normal view
MARC view
- تاليف فاجان، بريان..م؛ ترجمة أمين، أحمد زهير؛ مراجعة طه، محمود ماهر
Entry Personal Name
001 - CONTROL NUMBER
- control field: 20121
003 - CONTROL NUMBER IDENTIFIER
- control field: JO-AjAnu
005 - DATE AND TIME OF LATEST TRANSACTION
- control field: 20230606073514.0
008 - FIXED-LENGTH DATA ELEMENTS
- fixed length control field: 230606|| aca||aabn | a|a d
040 ## - CATALOGING SOURCE
- Original cataloging agency: JO-AjAnu
- Transcribing agency: JO-AjAnu
100 ## - HEADING--PERSONAL NAME
- Personal name: تاليف فاجان، بريان..م؛ ترجمة أمين، أحمد زهير؛ مراجعة طه، محمود ماهر
670 ## - SOURCE DATA FOUND
- Source citation: Work cat.: (JO-AjAnu)10332: تاليف فاجان، بريان..م؛ ترجمة أمين، أحمد زهير؛ مراجعة طه، محمود ماهر, author, نهب آثار وادي النيل ودور لصوص المقابر